Kỹ năng giải quyết vấn đề trong kinh doanh: 68 phương pháp ra quyết định thông minh
Bewaard in:
| Hoofdauteur: | |
|---|---|
| Formaat: | Boek |
| Gepubliceerd in: |
Hà Nội
Lao động
2017
|
| Onderwerpen: | |
| Tags: |
Voeg label toe
Geen labels, Wees de eerste die dit record labelt!
|
| Thư viện lưu trữ: | Trung tâm Học liệu Lê Vũ Hùng, Trường Đại học Đồng Tháp |
|---|
| LEADER | 00786pam a22002418a 4500 | ||
|---|---|---|---|
| 001 | 00043073 | ||
| 005 | 20181108131151.0 | ||
| 008 | 161121s2013 ||||||Viesd | ||
| 020 | # | # | |a 978 604 59 8935 7 |c 129000 |
| 041 | 0 | # | |a Vie |
| 082 | 1 | 4 | |a 371.3 |b K600N |
| 100 | 1 | # | |a Cotton, David |
| 245 | 0 | 0 | |a Kỹ năng giải quyết vấn đề trong kinh doanh: 68 phương pháp ra quyết định thông minh |c David Cotton |
| 260 | # | # | |a Hà Nội |b Lao động |c 2017 |
| 300 | # | # | |a 453 tr. |c 21 cm |
| 653 | # | # | |a Giải quyết |
| 653 | # | # | |a Kinh doanh |
| 653 | # | # | |a Kỹ năng |
| 653 | # | # | |a Quản lí |
| 653 | # | # | |a Điền kinh |
| 852 | # | # | |j KD.0024998 |
| 910 | 0 | # | |d 08/11/2018 |
| 980 | # | # | |a Trung tâm Học liệu Lê Vũ Hùng, Trường Đại học Đồng Tháp |